[Event "Kazan Mayors Cup 2022"]
[Site "Kazan"]
[Date "2022.01.29"]
[Round "6.2"]
[White "Artemiev, Vladislav"]
[Black "Timofeev, Artyom"]
[Result "1-0"]
[WhiteElo "2700"]
[BlackElo "2572"]
[Annotator "TA"]
[PlyCount "67"]
[EventDate "2022.01.28"]
[EventType "tourn"]
[EventCountry "RUS"]
[SourceTitle "playchess.com"]
[Source "ChessBase"]
[SourceQuality "1"]

{[%evp 16,67,31,18,36,22,14,4,0,5,40,35,55,36,49,32,58,63,62,45,57,52,69,61,75,75,91,83,89,69,70,100,90,45,114,106,163,120,227,117,127,74,89,92,147,166,154,102,70,85,54,68,2344,2176]} 1. Nf3 Nf6 2. g3 g6 3. b3 d6 4. Bb2 e5 5. c4 Bg7 6. Bg2 O-O 7. d3 Nc6 8. O-O h6 9. Nc3 Be6 {A15: English Opening: 1...Nf6.} 10. Rc1 $5 {[%mdl 4] Exploring less charted territory.} Re8 11. Nd2 {[#]} Qd7 $146 {The position is equal.} ({Predecessor:} 11... Nd7 12. Nd5 a5 13. f4 Nd4 14. e3 Nf5 15. e4 Bxd5 16. exf5 Bxg2 17. Kxg2 Nc5 18. fxg6 fxg6 {½-½ (62) Sanal,V (2501)-Sosa,T (2405) Porto Carras 2015}) 12. Nde4 Nxe4 13. dxe4 Ne7 14. Qd3 c6 15. Qe3 b6 16. Rfd1 Rad8 17. Ba3 Nc8 18. Rd3 Kh7 19. Rcd1 Qc7 20. Qd2 Bf8 21. f4 Bg7 22. Rf1 exf4 23. gxf4 ({Reject} 23. Qxf4 a6 $11) 23... f5 24. exf5 ({White should play} 24. Bb2 $16) 24... gxf5 (24... Bxf5 $14 25. Rg3 d5) 25. e4 $16 Rg8 (25... Ne7 $16 {was called for.} 26. Rd1 Bxc3 27. Qxc3 Ng6) 26. Kh1 (26. Ne2 $18) 26... Rde8 {[#]} (26... Bxc3 $16 {is a better defense.} 27. Qxc3 (27. Rxc3 Qd7 $16) 27... Qf7) 27. Rg3 ({White should try} 27. Ne2 $1 $18) 27... Qd7 28. Qd3 {White is more active.} ({Better is} 28. Ne2) 28... Bxc3 29. Qxc3 Rxg3 (29... fxe4 $142 30. Bxe4+ Bf5) 30. hxg3 {Threatens to win with Bb2.} fxe4 31. f5 (31. Bxe4+ $142 Bf5 32. Bf3) 31... Bxf5 32. Bb2 {[%cal Of1f5] Rxf5! is the strong threat.} Bg6 33. Kh2 {[%mdl 1024] aiming for Bh3. White has compensation.} e3 $2 {[%mdl 8192] [#]} (33... Qe7 $14) 34. Bxc6 $1 {[%mdl 512] Weighted Error Value: White=0.20 (precise) /Black=0.20 (precise)} 1-0

[Event "Kazan Mayors Cup 2022"]
[Site "Kazan"]
[Date "2022.01.29"]
[Round "6.3"]
[White "Rublevsky, Sergei"]
[Black "Galliamova, Alisa"]
[Result "1/2-1/2"]
[WhiteElo "2637"]
[BlackElo "2421"]
[Annotator "TA"]
[PlyCount "79"]
[EventDate "2022.01.28"]
[EventType "tourn"]
[EventCountry "RUS"]
[SourceTitle "playchess.com"]
[Source "ChessBase"]
[SourceQuality "1"]

{[%evp 17,79,0,4,3,0,0,16,8,18,12,22,14,20,16,30,26,40,26,44,8,60,52,59,55,55,60,60,62,89,46,39,25,28,29,44,14,14,14,14,15,18,18,34,0,0,0,0,0,0,0,0,0,0,0,0,0,0,0,0,0,0,0,0,0]} 1. e4 e5 2. Nf3 Nc6 3. Nc3 Nf6 4. d4 exd4 5. Nxd4 Bb4 6. Nxc6 bxc6 7. Bd3 O-O 8. O-O d5 9. exd5 cxd5 10. h3 {C47: Scotch Four Knights and Four Knights with 4 g3.} Rb8 11. Qf3 c6 12. Bf4 Bd6 13. b3 Bxf4 14. Qxf4 Be6 15. Na4 Nd7 {[#]} 16. Rfe1 $146 ({Predecessor:} 16. Qd6 Nb6 17. Qxd8 Rfxd8 18. Nc5 Nd7 19. Nxd7 Rxd7 20. f4 f6 21. Rfe1 {0-1 (38) Bugayev,V-Jenni,F (2456) Chess.com INT 2020}) 16... Re8 17. Rad1 Qa5 18. Re3 Nb6 (18... Rbc8 $11) 19. Qh4 g6 20. Nxb6 Qxb6 21. Rde1 c5 22. Qg3 Bd7 23. Re7 (23. h4 $16) 23... Rxe7 $14 24. Rxe7 Be6 25. Qc7 Ra8 {[%cal Oc5c4]} 26. c4 (26. Be2 {feels hotter.} c4 27. Qe5 Rf8 28. Bg4 Bxg4 29. hxg4 Qc5 30. g3) 26... dxc4 27. Bxc4 Bxc4 28. bxc4 $11 {[%mdl 4096] Endgame KQR-KQR} Qb1+ 29. Kh2 Qf5 30. Qg3 a5 {[%cal Ba7a5,Ba5a4][%mdl 32] The position is equal.} 31. Re5 Qc2 {[%csl LRa2,LRc4]} 32. Rxc5 Qxa2 33. Rc7 Qd2 34. c5 a4 35. Qf3 {[%csl LRa8,LRf7]} Rf8 36. Ra7 Qd4 37. Qe3 Qxe3 38. fxe3 Rc8 39. Rxa4 Rxc5 40. Kg3 {Weighted Error Value: White=0.06 (flawless) /Black=0.08 (flawless)} 1/2-1/2

[Event "Kazan Mayors Cup 2022"]
[Site "Kazan"]
[Date "2022.01.29"]
[Round "6.4"]
[White "Dreev, Aleksey"]
[Black "Gunina, Valentina"]
[Result "1-0"]
[WhiteElo "2623"]
[BlackElo "2471"]
[Annotator "TA"]
[PlyCount "149"]
[EventDate "2022.01.28"]
[EventType "tourn"]
[EventCountry "RUS"]
[SourceTitle "playchess.com"]
[Source "ChessBase"]
[SourceQuality "1"]

{[%evp 10,149,14,3,13,16,12,0,0,7,16,0,18,13,6,11,9,8,0,0,14,17,30,15,15,6,19,15,23,16,29,11,19,17,18,12,15,18,26,17,14,12,20,9,18,18,30,13,27,0,29,21,30,22,29,16,30,10,17,12,12,0,11,0,65,44,102,100,187,182,188,183,180,131,87,66,97,30,40,0,98,83,103,77,68,75,61,65,142,141,133,138,138,0,121,0,131,131,119,109,109,0,80,53,133,126,99,53,99,52,263,269,300,299,266,265,337,328,325,326,317,317,557,554,751,612,1118,0,409,0,1132,1161,1979,1799,1666,1588,1246,936,29988,29989,29990,29991]} 1. d4 d5 2. Nf3 Nf6 3. c4 c6 4. Qb3 dxc4 5. Qxc4 Bg4 6. Nbd2 Nbd7 {D23: Queen's Gambit Accepted: 3 Nf3 Nf6 sidelines.} 7. g3 e6 8. Bg2 Be7 {The position is equal.} 9. O-O O-O 10. Qb3 Qb6 11. Nc4 Qa6 12. Bd2 Nb6 13. Rfc1 {[%cal Bf1c1,Bc1c4,Bc4b4][%mdl 32]} Nxc4 14. Qxc4 Qxc4 15. Rxc4 Rfd8 {[#]} 16. Bb4 $146 (16. e3 {with more complications.} Bh5 17. Bb4 Bxb4 18. Rxb4 Rab8 19. Ne5) ({Predecessor:} 16. e3 Bf5 17. Ne5 Nd7 18. Ba5 Nxe5 19. Bxd8 Nxc4 20. Bxe7 Re8 21. Bc5 b6 22. Rc1 Nxb2 23. Ba3 Nd3 24. Rd1 c5 25. e4 c4 26. exf5 exf5 27. Bf1 {1-0 (27) Fridman,D (2626)-Van Wely,L (2612) Abu Dhabi 2021}) 16... Bxb4 17. Rxb4 Bxf3 18. Bxf3 Rd7 19. e3 Rad8 20. Rc1 Kf8 21. Rc5 Ke7 22. h4 Rc7 23. Kg2 h6 24. Ra5 a6 25. Rc4 Nd5 26. a3 Nb6 27. Rc2 Nd5 28. Kf1 Rcd7 29. Ke2 Nc7 30. Rac5 Nd5 31. b4 Ra8 32. Be4 Nf6 33. Bd3 Rd5 34. Bc4 Rd6 35. Bb3 Ne4 36. Ra5 g5 (36... b6 $11 37. Re5 Nf6) 37. hxg5 (37. Kd3 $5 {[%cal Rd3e4]} Nf6 38. hxg5 hxg5 39. Rxg5 $16) 37... hxg5 (37... b6 $14 38. Re5 Nxg5) 38. Re5 $16 f5 (38... Nf6 $16) 39. g4 $1 $18 Kf6 40. Kf1 a5 41. gxf5 ({Don't do} 41. Rxa5 Rxa5 42. bxa5 fxg4 $16) (41. bxa5 $18 {And now Kg2 would win.} c5 42. gxf5 exf5 43. f3 Ng3+ 44. Kf2 cxd4 45. exd4) 41... exf5 $16 42. Rxa5 Rh8 43. Kg2 (43. Re5 $16) 43... g4 $11 44. Re5 b6 (44... Rd7 $1 $11 {remains equal.}) 45. Rc1 {Black must now prevent Bc2.} c5 46. bxc5 {Really sharp!} bxc5 {[#]} 47. Rxe4 $1 fxe4 48. Rxc5 $16 {[%mdl 4096] Endgame KRR-KRB} g3 (48... Rb8 $14 49. Bd5 Ra6) 49. Kxg3 Rd7 50. Rc6+ Kg5 51. Rc5+ Kf6 52. Rc6+ Kg5 53. Bc2 Re7 54. Rc5+ Kf6 {( -> ...Rg7+)} 55. Rc6+ Kg5 $1 56. Kg2 Kf5 ({Black should try} 56... Rf8 $1 $14) 57. Rc5+ Kf6 58. Kf1 ({White should play} 58. a4 $16) 58... Rh2 (58... Rh1+ $14 59. Ke2 Re6) 59. Ke2 (59. Rc6+ $16 Kg7 60. Kg1) 59... Rb7 $2 (59... Rh1 $1 $14) 60. Bxe4 $18 Rb3 61. a4 {[%cal Ba3a4,Ba4a5][%mdl 32]} Ra3 62. a5 Ra2+ {[#]} 63. Bc2 $1 Ke7 64. e4 {[%cal Be3e4,Be4e5][%mdl 32]} Rh4 65. Ke3 Rh1 $2 (65... Ra3+ 66. Kd2 Rf4) 66. e5 Rc1 67. Kd3 Rf1 68. Ke3 (68. d5 $142 Ra3+ 69. Ke2) 68... Rc1 $1 69. Kd3 (69. Kd2 $142 Rf1 70. Kc3 Rxf2 71. Bb3 Rf3+ 72. Kb4) 69... Rf1 $1 70. d5 {[%cal Bd4d5,Bd5d6][%mdl 32]} Rxf2 71. d6+ Kd7 72. Rc7+ Kd8 73. Bb3 Rxa5 74. e6 Rf3+ 75. Ke4 {Weighted Error Value: White=0.19 (very precise) /Black=0.21 (precise)} 1-0

[Event "Kazan Mayors Cup 2022"]
[Site "Kazan"]
[Date "2022.01.29"]
[Round "6.5"]
[White "Sarana, Alexey"]
[Black "Oparin, Grigoriy"]
[Result "0-1"]
[WhiteElo "2666"]
[BlackElo "2681"]
[Annotator "TA"]
[PlyCount "98"]
[EventDate "2022.01.28"]
[EventType "tourn"]
[EventCountry "RUS"]
[SourceTitle "playchess.com"]
[Source "ChessBase"]
[SourceQuality "1"]

{[%evp 12,98,14,0,0,10,6,2,0,0,23,-12,-22,-34,-14,-10,-10,-14,-8,-27,-29,-31,-29,-38,-28,-38,-27,-25,-14,-25,-16,-24,-38,-33,0,0,0,0,0,-40,0,-14,-28,-11,0,0,0,0,0,0,55,-65,0,0,0,0,0,0,0,0,0,0,0,-250,-182,-182,-185,-178,-170,-654,-654,-654,-650,-625,-502,-650,-650,-620,-604,-593,-583,-1187,-1143,-5904,-1229,-1972,-1708,-1786,-1777]} 1. d4 d5 2. c4 e6 3. Nc3 Be7 4. Nf3 Nf6 5. Bf4 O-O 6. e3 Nbd7 {[%cal Bb8d7,Bd7b6,Bb6d5,Bd5b4][%mdl 32]} 7. Be2 dxc4 {D37: Queen's Gambit Declined: 5 Bf4.} 8. O-O a6 9. a4 {Prevents b5.} c5 {The position is equal.} 10. h3 {[#]} Nb6 $146 ({Predecessor:} 10... cxd4 11. Qxd4 b6 12. Qxc4 Bb7 13. Bc7 Qc8 14. Rfd1 Ne8 15. Ne5 Nxe5 16. Bxe5 Nf6 {1-0 (31) Bai,J (2600)-Wang,S (2471) Liaocheng 2021}) 11. Ne5 cxd4 12. exd4 Nbd5 13. Bh2 b6 14. Bxc4 Bb7 15. Qd3 Rc8 16. Rae1 Nb4 17. Qd2 Nfd5 18. Bb3 b5 19. axb5 axb5 20. Rc1 Nxc3 (20... Bg5 $5 21. f4 Bh4 $11) 21. bxc3 {[%cal Bb2c3,Bc3c4,Bc4c5,Bc5c6][%mdl 32]} Nd5 22. Qd3 b4 {[%cal Rd5c3]} 23. c4 (23. Bc2 f5 24. c4 Nc3 $15) 23... Nc3 {[%cal Od8d4]} 24. Rfe1 Ra8 25. c5 Ra3 26. Bc2 {[%csl Gc2][%cal Rd3h7]} g6 {aiming for ...Bg5. Active counter play!} 27. c6 Ba6 28. Qd2 {[%cal Oc6c7]} Bg5 29. Bf4 Bxf4 30. Qxf4 b3 ({Don't do} 30... Ne2+ {[#]} 31. Rxe2 $1 Bxe2 32. Nd7 $16) (30... Qd6 $11) 31. Nd7 b2 (31... bxc2 $15 32. Rxc2 (32. Nxf8 Qxf8 33. Rxc2 Nd5 $11) 32... Nd5) 32. Rb1 $11 Nxb1 33. Rxb1 Ra1 34. Qe5 {Nf6+ is the strong threat.} f6 $1 ({Resist} 34... Rxb1+ 35. Bxb1 f6 36. Qxe6+ Rf7 37. Ba2 $16) 35. Qxe6+ Rf7 36. Qb3 $1 Bc8 $36 {[%mdl 2048] Black fights for an advantage. Chess con chili.} 37. Qb8 $2 (37. Nb6 $1 $11) 37... Kg7 38. Kh2 Rxb1 39. Bxb1 Qe8 40. Nb6 {[#]} (40. Nc5 Qxc6 41. Qxb2) 40... Qxc6 $1 $19 {White must now prevent ...Bb7. Black is clearly winning.} 41. Nxc8 Qc7+ 42. Qxc7 Rxc7 43. Nb6 Rc1 44. Be4 f5 45. Bd3 Rd1 46. Bc2 Rxd4 {Strongly threatening ...Rb4.} 47. f3 Kf6 (47... Rb4 $142 48. Bb1 Rxb6) 48. Kg3 Ke7 49. h4 Kd8 {Weighted Error Value: White=0.76/Black=0.34} 0-1

[Event "Kazan Mayors Cup 2022"]
[Site "Kazan"]
[Date "2022.01.31"]
[Round "7.1"]
[White "Galliamova, Alisa"]
[Black "Artemiev, Vladislav"]
[Result "0-1"]
[WhiteElo "2421"]
[BlackElo "2700"]
[Annotator "TA"]
[PlyCount "34"]
[EventDate "2022.01.28"]
[EventType "tourn"]
[EventCountry "RUS"]
[SourceTitle "playchess.com"]
[Source "ChessBase"]
[SourceQuality "1"]

{[%evp 11,34,9,14,7,14,-14,-9,0,-19,-25,0,0,-9,-18,-8,-18,-19,-9,-11,-85,-80,-75,-43,-476,-479]} 1. d4 Nf6 2. Nf3 g6 3. g3 Bg7 4. Bg2 d5 5. O-O Nbd7 6. b3 O-O 7. Bb2 {D02: 1 d4 d5 2 Nf3 sidelines, including 2...Nf6 3 g3 and 2...Nf6 3 Bf4.} b5 $5 {[%mdl 4] [#] Leaves trodden paths.} 8. Qd3 $146 ({Predecessor:} 8. Nbd2 c5 9. c4 bxc4 10. bxc4 Ba6 11. Rc1 Rb8 12. Ba1 Qa5 13. Ne5 Nxe5 14. dxe5 Ng4 15. cxd5 Nxe5 {0-1 (38) Mikhalevski,V (2552)-Artemiev,V (2709) Tornelo INT 2021}) 8... Rb8 9. Ne5 {The position is equal.} Nxe5 10. dxe5 {[#]} Bf5 $1 11. Qd2 (11. Qd4 c6) 11... Nd7 12. f4 c6 13. Nc3 f6 {[%cal Bf7f6,Bf6e5][%mdl 32]} 14. e4 dxe4 15. Bxe4 (15. Rae1 $11 {remains equal.}) 15... fxe5 $17 16. Rad1 {[#] Hoping for Bxf5.} Bg4 17. Bxc6 $2 {[%mdl 8192]} (17. Bf3 $15 Bf5 18. Ne4) 17... Qb6+ {Weighted Error Value: White=0.69/Black=0.05 (flawless)} 0-1

[Event "Kazan Mayors Cup 2022"]
[Site "Kazan"]
[Date "2022.01.31"]
[Round "7.2"]
[White "Gunina, Valentina"]
[Black "Sarana, Alexey"]
[Result "0-1"]
[WhiteElo "2471"]
[BlackElo "2666"]
[Annotator "TA"]
[PlyCount "116"]
[EventDate "2022.01.28"]
[EventType "tourn"]
[EventCountry "RUS"]
[SourceTitle "playchess.com"]
[Source "ChessBase"]
[SourceQuality "1"]

{[%evp 9,116,27,23,24,25,27,33,27,27,26,28,30,35,37,35,32,31,28,26,37,38,20,27,-45,6,0,20,22,28,27,23,32,31,8,51,56,56,45,57,0,55,54,60,52,49,45,43,37,29,38,50,0,0,0,0,0,0,0,10,10,4,7,95,95,96,89,89,108,108,81,441,438,479,491,431,0,0,0,0,0,237,189,200,0,0,0,0,0,0,0,0,0,0,0,0,-96,0,-170,0,-42,0,0,0,-5089,-3512,-29961,-29962,-29986,-29987]} 1. d4 Nf6 2. c4 e6 3. Nf3 d5 4. Nc3 a6 5. cxd5 exd5 6. Bg5 {D37: Queen's Gambit Declined: 5 Bf4.} Be6 7. e3 Nbd7 8. Bd3 {White is slightly better.} Bd6 9. Qd2 c6 10. O-O h6 11. Bf4 Qc7 12. Rfe1 O-O 13. h3 Rfe8 14. Rac1 {[#]} Rad8 $146 ({Predecessor:} 14... Rac8 15. a3 Qb8 16. Red1 Bxf4 17. exf4 Ne4 18. Nxe4 dxe4 19. Bxe4 Bxh3 20. Ne5 Be6 {1-0 (51) Sunilduth Lyna,N (2658)-Riazantsev,A (2634) Warsaw 2021}) 15. a3 Nb6 16. Ne5 (16. Bxd6 $11 Rxd6 17. Qc2) 16... Nfd7 (16... Nc4 $15 17. Nxc4 Bxf4 18. exf4 dxc4) 17. Nxd7 $11 Rxd7 18. Bxd6 Qxd6 19. Ne2 Rde7 20. Nf4 Bc8 21. b4 Qf6 (21... g5 $11 {deserves consideration.} 22. Ne2 f5) 22. Qc2 $14 Qd6 23. Qc5 Qd8 24. Qc2 (24. Qa5 $14) 24... Nd7 (24... Qd6 $1 $11) 25. a4 {[%cal Ba3a4,Ba4b5][%mdl 32]} Nf6 26. b5 cxb5 27. axb5 a5 $1 28. Bf5 Bxf5 29. Qxf5 Qd6 30. Rc5 (30. Re2 $14) 30... g6 $11 31. Qc2 g5 32. Nd3 {[%cal Ob5b6]} Ne4 33. Rc8 Kg7 34. Rxe8 Rxe8 35. Rc1 b6 (35... Qa3 $11) 36. Qa2 $1 $16 Ra8 37. Rc6 Qd8 38. Ne5 a4 {[#]} 39. Rxh6 $3 {[%cal Oa2e2][%mdl 512] Strongly threatening Qe2!} Nf6 $2 {[%mdl 8192] [#]} (39... Ra7 $16 {is more resistant.} 40. Rc6 a3) (39... a3 40. Rc6) 40. f4 $1 $18 {[%mdl 512]} a3 (40... Rc8 41. fxg5) 41. fxg5 {Threatening mate with Qf2.} Ne4 {Inhibits Qf2.} 42. g6 Qg5 $1 $11 {Chess con chili.} 43. Rh7+ (43. Nxf7 Qxe3+ 44. Kh2 Rc8 45. Qa1 Qf4+ 46. Kg1 Rc1+) 43... Kg8 44. Ng4 fxg6 $2 (44... Qxg6 $11 45. Rh6 (45. Qxd5 Kxh7 46. Qxa8 Ng3 $11) 45... Qg5) 45. Rc7 {Black must now prevent Kh2.} Kh8 46. Rc1 $2 (46. Kh2 $1 $18) 46... Nf6 47. Rc3 Nxg4 48. hxg4 {[%cal Bh3g4,Bg4g5][%mdl 4128] Endgame KQR-KQR} Qh4 49. Qa1 {To avoid Qe1+} Qe7 {...a2 is the strong threat.} (49... a2 $5 50. Rc2 Qh6 51. Rxa2 Qxe3+ 52. Kh2 Qf4+ 53. Kh3 Qh6+ 54. Kg3 Qe3+ 55. Kh2 Rxa2 56. Qxa2 Qf4+ 57. Kh3 Qxd4 $11) 50. Qa2 Ra7 51. g5 $1 (51. Qxd5 a2 52. Rc8+ Kh7 53. Qg8+ Kh6 54. g5+ Kh5 55. Qh8+ Kxg5 56. Rc1 Qxe3+ 57. Kh2 Qxc1 58. g3 Qh1+ $3 {[%mdl 512]} 59. Kxh1 a1=Q+ 60. Kg2 Ra2+ 61. Kf3 Qf1+ 62. Ke4 Qf5+ 63. Ke3 Ra3+ 64. Ke2 Qc2+ 65. Kf1 Ra1#) (51. Rc8+ $2 Kh7 52. Rc3 (52. Qxd5 $2 a2 $19) 52... Qb4 $19) 51... Kg7 52. Rd3 (52. Kh2 $11 {remains equal.}) 52... Kh7 (52... Qxg5 $6 53. Rxa3 Ra5 54. Qb3 $11 (54. Rxa5 Qxe3+ 55. Qf2 Qc1+ 56. Kh2 bxa5 $11)) (52... Qc7 $17 53. Rd1 Qd8) 53. Rb3 $2 {[#]} (53. Rc3 $11) 53... Qf8 $2 ({Much less strong is} 53... Qxg5 54. Rxa3 Rf7 55. Qd2 $14 (55. Qe2 Qg3 $16)) ({Black should play} 53... Qc7 $1 $19 {[%cal Rc7c1] And now ...Qc1+ would win.} 54. Rb1 Qg3 55. Qxd5 Qxe3+ 56. Kh2 Qf4+ 57. Kg1 Qf5 58. Qxf5 gxf5) 54. e4 (54. Rc3 $1 $11) 54... dxe4 (54... Qf4 $15 {is superior.} 55. Rf3 (55. Rh3+ $2 Kg7 $19) 55... Qxg5 56. exd5 Qc1+ 57. Kh2 Qc7+ 58. g3 Qe7) 55. Rh3+ Kg7 {aiming for ...Qe7.} 56. d5 $2 {[%mdl 8192]} (56. Qe6 $11 Re7 57. Qf6+ Qxf6 58. gxf6+ Kxf6 59. Rxa3) 56... Qb4 $19 {( -> ...Qb2)} 57. Qf2 Qc5 58. Re3 a2 {What a bad dream for White.  Weighted Error Value: White=0.50/Black=0.31} 0-1

[Event "Kazan Mayors Cup 2022"]
[Site "Kazan"]
[Date "2022.01.31"]
[Round "7.3"]
[White "Faizrakhmanov, Ramil"]
[Black "Dreev, Aleksey"]
[Result "1/2-1/2"]
[WhiteElo "2480"]
[BlackElo "2623"]
[Annotator "TA"]
[PlyCount "121"]
[EventDate "2022.01.28"]
[EventType "tourn"]
[EventCountry "RUS"]
[SourceTitle "playchess.com"]
[Source "ChessBase"]
[SourceQuality "1"]

{[%evp 15,121,16,33,38,39,22,40,0,0,0,0,14,8,0,7,0,0,0,0,0,0,0,14,22,19,16,35,19,37,27,79,62,69,70,78,72,77,58,66,51,60,57,66,71,72,31,31,35,46,23,23,23,23,23,23,23,23,23,23,23,23,23,23,23,23,23,23,23,23,8,8,8,23,8,36,36,104,104,104,104,104,81,81,81,81,81,81,8,81,81,81,8,81,81,81,81,81,81,81,81,81,8,8,8,8,8,8,8]} 1. d4 d5 2. c4 e6 3. Nf3 Nf6 4. Nc3 Be7 5. Bf4 O-O 6. e3 b6 7. Bd3 Bb7 8. O-O $1 {8.0-0 scores better than 8.cxd5.} c5 9. dxc5 {D37: Queen's Gambit Declined: 5 Bf4.} bxc5 10. Qe2 Nh5 {[#]} 11. Bg3 $146 {White is slightly better.} ({Predecessor:} 11. cxd5 Nxf4 12. exf4 exd5 13. Rad1 d4 14. Ne4 a5 15. Rfe1 Nd7 16. Bc4 Nb6 17. Ned2 {1-0 (36) Froewis,G (2363)-Vucic,M (2336) Triesen 2012}) 11... Nxg3 12. hxg3 Nd7 13. Rfd1 {Threatening cxd5.} Qc7 14. cxd5 exd5 15. Ba6 Nf6 16. Bxb7 Qxb7 17. Rac1 Rfd8 18. Rc2 Rd6 19. Na4 Rc6 20. Ne5 {Pair of Knights!} Rc7 (20... Re6 21. Nd3 Rc6 22. Naxc5 Bxc5 23. Nxc5 $16 (23. Rxc5 Rxc5 24. Nxc5 Qb6 $16)) 21. Nc3 Re8 {[%cal Od5d4]} 22. Ng4 d4 (22... Nxg4 $11 23. Qxg4 Rd7) 23. exd4 $16 {Threatens to win with Nxf6+.} Nxg4 24. Qxg4 cxd4 25. Qxd4 Bf6 {[#]} 26. Re2 $1 {[%cal Re2e8]} Rf8 (26... Rxe2 $2 {gets mated.} 27. Qd8+ $3 {[%mdl 512]} Bxd8 28. Rxd8+) 27. Qd6 {Black must now prevent Nd5. White is more active.} Rc6 28. Qd7 Qxd7 29. Rxd7 Bxc3 30. Rc2 (30. bxc3 $16 a6 31. Ra7) 30... Re8 $1 $14 {( -> ...Re1+)} 31. Rd1 (31. bxc3 $2 {is a self mate.} Re1+ 32. Kh2 Rh6#) 31... h5 {[%cal Oh5h4]} 32. Rxc3 (32. bxc3 {looks sharper.} Kf8 33. Rd7 Re7 34. Rd8+ Re8 35. Rd4) 32... Rxc3 33. bxc3 {[%mdl 4096] Endgame KR-KR} Re2 34. Rd8+ Kh7 35. Rd7 Rxa2 36. Rxf7 Rc2 37. Rxa7 {aiming for Ra5.} Rxc3 38. f3 Kh6 39. Kh2 Rc4 40. Kh3 g5 41. Ra6+ Kg7 42. Re6 g4+ 43. Kh2 Ra4 44. Kg1 Rb4 (44... h4 $5) 45. Kf2 gxf3 (45... Rb8 $14) 46. gxf3 $16 ({Much weaker is} 46. Kxf3 $6 Rb3+ 47. Kf2 Rb1 $11) 46... Rb3 47. Kg2 Rc3 48. f4 Rc1 49. Kf3 Rc3+ 50. Re3 Rc1 {[#]} 51. Ke4 (51. Re7+ $1 $16 Kf6 52. Re4) 51... Kf6 (51... Rc4+ $1 $11 52. Kf3 Rc2) 52. Rd3 Rg1 53. Rd6+ (53. Rb3 $16) 53... Kg7 (53... Ke7 $1 $11 {keeps the balance.} 54. Rd3 h4) 54. Kf3 Rf1+ 55. Kg2 Ra1 56. Rd5 Kg6 57. Rd2 Rb1 58. Rf2 (58. Rc2 $16) 58... Kf5 $11 {The position is equal.} 59. Kh3 Rh1+ $1 60. Rh2 Rxh2+ 61. Kxh2 {Weighted Error Value: White=0.13 (very precise) /Black=0.09 (flawless)} 1/2-1/2

[Event "Kazan Mayors Cup 2022"]
[Site "Kazan"]
[Date "2022.01.31"]
[Round "7.4"]
[White "Timofeev, Artyom"]
[Black "Matlakov, Maxim"]
[Result "1/2-1/2"]
[WhiteElo "2572"]
[BlackElo "2674"]
[Annotator "TA"]
[PlyCount "30"]
[EventDate "2022.01.28"]
[EventType "tourn"]
[EventCountry "RUS"]
[SourceTitle "playchess.com"]
[Source "ChessBase"]
[SourceQuality "1"]

{[%evp 9,30,-4,7,-3,20,-1,17,0,0,0,8,0,0,0,0,0,0,0,0,-10,0,0,0]} 1. d4 Nf6 2. Nf3 d5 3. Bg5 Ne4 4. Be3 Bf5 5. Nh4 e6 {The position is equal.} 6. g3 {[#] D03: 1 d4 d5 2 Nf3 Nf6 3 Bg5, including Torre Attack with early ...d5.} h5 $146 {[%cal Bh7h5,Bh5h4][%mdl 32]} ({Predecessor:} 6... Nd6 7. Bg2 Bg4 8. Nd2 Be7 9. h3 Bh5 10. Nhf3 Nf5 11. Bf4 g5 12. Be5 f6 {½-½ (50) Dahm,W (2062)-Manarin,F (1987) ICCF email 2018}) 7. Nxf5 exf5 8. Nd2 Nd7 9. Nxe4 fxe4 10. Qd2 h4 11. Bh3 Bd6 12. O-O-O Qe7 13. Kb1 a6 14. Rdg1 hxg3 15. hxg3 O-O-O {An uneventful encounter.  Weighted Error Value: White=0.05 (flawless) /Black=0.05 (flawless)} 1/2-1/2

[Event "Kazan Mayors Cup 2022"]
[Site "Kazan"]
[Date "2022.01.31"]
[Round "7.5"]
[White "Oparin, Grigoriy"]
[Black "Rublevsky, Sergei"]
[Result "1/2-1/2"]
[WhiteElo "2681"]
[BlackElo "2637"]
[Annotator "TA"]
[PlyCount "69"]
[EventDate "2022.01.28"]
[EventType "tourn"]
[EventCountry "RUS"]
[SourceTitle "playchess.com"]
[Source "ChessBase"]
[SourceQuality "1"]

{[%evp 15,69,-13,24,13,46,39,47,-34,38,-16,-10,-25,-15,-45,0,-13,-15,-56,-71,-70,-61,-79,-78,-60,-25,-14,-13,-23,0,0,0,0,0,-179,-186,-240,-99,-106,-100,-115,-110,-105,-110,-145,-146,-151,-149,-151,-114,-150,-159,-150,0,-9,0,-116]} 1. Nf3 d5 2. g3 c6 3. c4 Bg4 4. Ne5 Be6 5. d4 Nd7 6. Nf3 Ngf6 7. Bg2 Bf5 8. Nc3 e6 9. Nh4 {D11: Slav Defence: 3 Nf3 sidelines and 3...Nf6 4 e3 Bg4.} Be4 10. f3 Bg6 11. O-O (11. cxd5 $14 cxd5 12. O-O) 11... Be7 ({Better is} 11... dxc4 $15 12. a3 Qa5) 12. e3 (12. cxd5 $14 cxd5 13. e4) 12... dxc4 $11 {...Bd3 is the strong threat.} 13. Nxg6 hxg6 14. Qe2 {[#]} Nb6 $146 (14... b5 $15 {was preferrable.}) ({Predecessor:} 14... b5 15. a4 Qb6 16. f4 Rb8 17. Bd2 O-O 18. Rfb1 a5 19. Nd1 c5 20. axb5 cxd4 21. exd4 Qxb5 22. Rxa5 Qb3 {0-1 (40) Korovin,M (2339)-Laurusas,T (2511) Chess.com INT 2020}) 15. f4 O-O 16. g4 (16. Bf3 $11 {is more appropriate.}) 16... c5 $1 $15 17. dxc5 Bxc5 18. g5 Nfd5 19. Ne4 Qe7 20. Kh1 Rad8 21. Rf3 f5 (21... e5 $5 {[%cal Re5f4]} 22. f5 gxf5 23. Rxf5 Qe6 $1 $15) 22. gxf6 $1 Nxf6 23. Ng5 e5 $36 {[%mdl 2048] Strongly threatening ...exf4. Black is pushing.} 24. Bd2 $2 {[#]} (24. e4 $11 {and White stays safe.}) 24... exf4 $1 $19 {Hoping for ...Qe5.} 25. Rxf4 {[#]} (25. Ba5 $142 Nfd5 26. Bxb6 Nxb6 27. Bh3) 25... Rxd2 $1 {[%mdl 512]} 26. Qxd2 $17 Qxe3 27. Ne4 Qxd2 28. Nxd2 Be3 {[%csl LRd2,LRf4]} 29. Rxc4 Bxd2 30. Rc7 Ng4 31. Rxb7 Nf2+ 32. Kg1 Be3 33. Rxa7 Nh3+ (33... Nd1+ $17 34. Kh1 Nf2+ 35. Kg1 Rd8) 34. Kh1 $11 Nf2+ {Pair of Knights!} (34... Nf4 $11) 35. Kg1 {Weighted Error Value: White=0.30/Black=0.28 (precise)} 1/2-1/2